000 00573nam a2200169 i 4500
001 88620
003 ES-MaACL
005 20251005063058.0
007 t|
008 050105s1958 po ||||1| spa d
100 1 _aLança, Joaquim,
_d1825-1943
_969891
245 1 0 _aDois tratados 1825-1953
_b: (subsidios para a historia da Comunidade Luso-Brasileira) /
_cJoaquim Lança.
260 _aLisboa :
_b[s.n.],
_c1958 (
_fNeogravura)
300 _a55 p. ;
_c24 cm.
852 _aES-MaACL
_jC-27940
_bR.56993
_z.- Donat. José Antonio Llardent
999 _c88620
_d88620